000 00561nab a2200169 4500
003 ES-SlBCS
005 20210327231212.0
008 150304s2015 sp ||||| |||| 00| 0 spa d
040 _aES-SlBCS
_bspa
100 1 _aPalomo, Marta
_9407788
245 1 3 _aEl endotelio, un órgano clave
_cMarta Palomo ; Enric Carreras ; Maribel Díaz Ricart
650 0 4 _aMedicina
_914377
700 1 _aCarreras, Enric
_9407789
700 1 _aDíaz Ricart, Maribel
_9407790
773 0 _gNº 461, 2015, págs. 36-42
_tInvestigación y Ciencia
_wRev1650
_x0210-136X
942 _2lcc
_cAR
999 _c851146
_d851146